000 00564nam a2200181Ia 4500
008 151018s9999 xx 000 0 und d
082 _bRBASDV33222
_a891.464
100 _aअविनाश धर्माधिकारी
245 _aनागरिक
250 _b2
260 _bचीरानी
_c2000
300 _a253
600 _aअविनाश धर्माधिकारी
630 _aनागरिक
700 _aअविनाश धर्माधिकारी
730 _aनागरिक
942 _cBOOK
999 _c1032741
_d1032738